000 00830nam a2200313 a 4500
001 42935
003 AR-BaAGN
005 20231116145457.0
007 ta
008 220625s1984 ag |||||r|||| ||||||spa d
020 _a950-537-064-4
040 _aAR-BaAGN
_bspa
_eaacr
100 1 _aCresto, Juan José
_96618
245 1 0 _aLa problemática política y económica europea en la década de 1930
250 _a1ª ed.
260 _aBuenos Aires :
_bMacchi,
_c1984.
300 _a136 páginas
336 _2rdacontent
_btxt
337 _2rdamedia
_bn
338 _2rdacarrier
_bnc
490 0 _aTemas de historia económica
650 4 _aHISTORIA DE EUROPA
_9744
650 4 _aPOLÍTICA
_92164
650 4 _aECONOMÍA
_91656
651 4 _aEuropa
_93629
942 _cLIBRO
999 _c42935
_d42935